| 000 | 01083nam a22002297a 4500 | ||
|---|---|---|---|
| 005 | 20210325191706.0 | ||
| 008 | s2540 th tha d | ||
| 041 | _atha | ||
| 090 | _aว KO28 ป337น 2540 | ||
| 100 | 0 | _aประภัสร์ จงสงวน | |
| 245 | 1 | 0 | _aแนวทางในการลดผลกระทบต่อสังคมจากการเวนคืนอสังหาริมทรัพย์ |
| 260 | 3 |
_aกรุงเทพฯ : _bวิทยาลัยป้องกันราชอาณาจักร, _c2540 |
|
| 300 |
_a110 หน้า : _b แผนภูมิ ; _c 29 ซม. |
||
| 650 | 0 | 4 | _aการจัดรูปที่ดิน |
| 650 | 0 | 4 | _aการเวนคืนที่ดิน |
| 650 | 0 | 4 | _aการเวนคืนอสังหาริมทรัพย์ -- กฎหมายและระเบียบข้อบังคับ |
| 650 | 0 | 4 | _aที่ดิน |
| 850 | _aNALT | ||
| 942 | _cRSH | ||
| 997 |
_c000000000029259 _kVC |
||
| 998 | _aPRATHANA | ||
| 999 |
_c29259 _d29259 |
||